Nomi italiani di città straniere - Europa orientale - Statistics

Statistiche generali
  • Questo quiz è stato fatto 100 volte
  • Il punteggio medio è 5 su 7
Statistiche sulle risposte
Nome locale Nome italiano % Corretto
Odesa (Ucraina) Odessa
97%
Moskva (Russia) Mosca
96%
Sankt-Peterburg (Russia) San Pietroburgo
96%
Sevastopol (Ucraina/Russia) Sebastopoli
66%
Archangelsk (Russia) Arcangelo
58%
Lviv (Ucraina) Leopoli
49%
Simferopol (Ucraina/Russia) Sinferopoli
34%
Nessun quiz corrispondente trovato
Distribuzione punteggi
Percentuale di utenti per punteggio
Percentile per numero di risposta
I tuoi punteggi nel tempo
Non hai fatto questo quiz